परदेशात शिकायचंय / (Record no. 52095)

MARC details
000 -LEADER
fixed length control field 01130nam a22002417a 4500
005 - DATE AND TIME OF LATEST TRANSACTION
control field 20110429165957.0
008 - FIXED-LENGTH DATA ELEMENTS--GENERAL INFORMATION
fixed length control field 110429t xxu||||| |||| 00| 0 mar d
010 ## - LCCN (DPL NO)
LC control number MAR-20786
020 ## - INTERNATIONAL STANDARD BOOK NUMBER
Terms of availability 200.00
International Standard Book Number 9788174344564
035 ## - SYSTEM CONTROL NUMBER
System control number MR-13444
037 ## - SOURCE OF ACQUISITION
Source of stock number/acquisition DBAD / PUB
040 ## - CATALOGING SOURCE
Original cataloging agency DPL
Language of cataloging MR
082 ## - DEWEY DECIMAL CLASSIFICATION NUMBER
Classification number 370.116
100 ## - MAIN ENTRY--PERSONAL NAME
Personal name गोखले,अरविंद व्यं
9 (RLIN) 27525
245 ## - TITLE STATEMENT
Title परदेशात शिकायचंय /
Statement of responsibility, etc अरविंद व्यं गोखले तथा विजय लोणकर
246 ## - VARYING FORM OF TITLE
Title proper/short title Pardeshat Shikaychay ?
Remainder of title by Arvind V Gokhale Arvind V and Vijay Lonkar
260 ## - PUBLICATION, DISTRIBUTION, ETC. (IMPRINT)
Place of publication, distribution, etc पुणे
Name of publisher, distributor, etc राजहंस प्रकाशन
Date of publication, distribution, etc 2009
270 ## - ADDRESS
Address 1025,सदाशिव पेठ
City पुणे
300 ## - PHYSICAL DESCRIPTION
Extent 286पृ
Dimensions 21 सेमी (अजिल्द)
700 ## - ADDED ENTRY--PERSONAL NAME
9 (RLIN) 27590
Personal name गोखले,अरविंद व्य
942 ## - ADDED ENTRY ELEMENTS (KOHA)
Source of classification or shelving scheme Dewey Decimal Classification
Item type Marathi Books
Call number suffix गोखले
Classification part 370.116
Holdings
Withdrawn status Lost status Source of classification or shelving scheme Damaged status Not for loan Collection code Home library Current library Date acquired Source of acquisition Cost, normal purchase price Total Checkouts Full call number Barcode Date last seen Copy number Cost, replacement price Koha item type
    Dewey Decimal Classification   Not For Loan Non-fiction D.B.Act.Division D.B.Act.Division 04/05/2011 DBAD / PUB 200.00   370.116गोखले MR-13444 04/05/2011 1 200.00 Marathi Books

© Delhi Public Library
Hit Counter
free hit counter